[Event "Senior DM 50+ 2021"]
[Site "Logumkloster"]
[Date "2021.05.30"]
[Round "1"]
[White "Oehlerich, Per"]
[Black "Danielsen, Henrik"]
[Result "0-1"]
[WhiteElo "1905"]
[BlackElo "2516"]
[PlyCount "106"]
[EventDate "2021.05.30"]
[EventType "swiss"]
[EventRounds "7"]
[EventCountry "DEN"]

1. e4 g6 2. c4 d6 3. Nc3 c5 4. g3 Nc6 5. Bg2 Bg7 6. Nge2 Bg4 7. f3 Bd7 8. d3
Nf6 9. O-O O-O 10. Be3 Ne8 11. Qd2 Nc7 12. d4 cxd4 13. Nxd4 Ne6 14. Nxe6 Bxe6
15. b3 Qa5 16. Rac1 Rfc8 17. Rfd1 h5 18. Nd5 Qxd2 19. Rxd2 Bxd5 20. exd5 Ne5
21. Bd4 b5 22. f4 Ng4 23. Bxg7 Kxg7 24. Re2 bxc4 25. bxc4 Kf6 26. h3 Nh6 27. g4
Ng8 28. Rb2 hxg4 29. hxg4 g5 30. Rf2 Nh6 31. fxg5+ Kxg5 32. Rc3 Rab8 33. Be4 f5
34. Bxf5 Rf8 35. Be4 Rxf2 36. Kxf2 Kf4 37. Bd3 Nxg4+ 38. Ke2 Rh8 39. Kd1 Rh2
40. Ra3 Nf2+ 41. Kc1 Nxd3+ 42. Rxd3 Rxa2 43. Kb1 Ra4 44. Rh3 Rb4+ 45. Ka2 Ke4
46. Rh7 Rxc4 47. Rxe7+ Kxd5 48. Rxa7 Rb4 49. Rh7 Kc5 50. Ka3 Rb8 51. Rc7+ Kd4
52. Rc1 d5 53. Ka4 Ke3 0-1

[Event "Senior DM 50+ 2021"]
[Site "Logumkloster"]
[Date "2021.05.30"]
[Round "1"]
[White "Rewitz, Poul"]
[Black "Hansen, Hans Valdemar"]
[Result "1-0"]
[WhiteElo "2273"]
[BlackElo "1838"]
[PlyCount "49"]
[EventDate "2021.05.30"]
[EventType "swiss"]
[EventRounds "7"]
[EventCountry "DEN"]

1. e4 c5 2. Nf3 Nc6 3. d4 cxd4 4. Nxd4 e5 5. Nb5 d6 6. N1c3 a6 7. Na3 b5 8. Nd5
h6 9. Bxb5 axb5 10. Nxb5 Ra7 11. Nxa7 Qa5+ 12. b4 Qxa7 13. Be3 Qb7 14. O-O Be6
15. a4 Bxd5 16. exd5 Nb8 17. a5 Nf6 18. c4 Be7 19. a6 Qa8 20. b5 O-O 21. b6
Nbd7 22. b7 Qb8 23. Qb3 Ne4 24. a7 Qc7 25. a8=Q 1-0

[Event "Senior DM 50+ 2021"]
[Site "Logumkloster"]
[Date "2021.05.30"]
[Round "1"]
[White "Agger, Lars Breinholt"]
[Black "Andersen, Morten"]
[Result "0-1"]
[WhiteElo "1818"]
[BlackElo "2194"]
[PlyCount "90"]
[EventDate "2021.05.30"]
[EventType "swiss"]
[EventRounds "7"]
[EventCountry "DEN"]

1. e4 c5 2. Nf3 e6 3. d4 cxd4 4. Nxd4 Nc6 5. Be3 Nf6 6. Nd2 e5 7. Nxc6 bxc6 8.
Be2 d5 9. Bg5 Bc5 10. O-O Be6 11. exd5 cxd5 12. Bb5+ Kf8 13. c4 Rb8 14. Qc2 Bd4
15. Nb3 dxc4 16. Bxc4 Rc8 17. Nd2 h6 18. Bxf6 gxf6 19. Qa4 Rg8 20. Bxe6 fxe6
21. Rac1 Kf7 22. Ne4 Qd5 23. Rxc8 Rxc8 24. Nc3 Qc6 25. Qd1 Rg8 26. g3 f5 27.
Qh5+ Rg6 28. Rc1 Qb6 29. Rc2 e4 30. Nd1 Kg7 31. Qh4 Rf6 32. Qh5 Rf7 33. Qe2 Rd7
34. Nc3 e3 35. fxe3 Bxe3+ 36. Kg2 Bd4 37. Na4 Qd6 38. Rc8 Qd5+ 39. Kh3 Qxa2 40.
Qb5 Qd5 41. Qb8 Kh7 42. Qf4 Be5 43. Qc4 Qf3 44. Qc2 Rd4 45. Rc5 Rh4+ 0-1

[Event "Senior DM 50+ 2021"]
[Site "Logumkloster"]
[Date "2021.05.30"]
[Round "1"]
[White "Hansen, Lars"]
[Black "Radoor, Bent Romer"]
[Result "1-0"]
[WhiteElo "2191"]
[BlackElo "1823"]
[PlyCount "81"]
[EventDate "2021.05.30"]
[EventType "swiss"]
[EventRounds "7"]
[EventCountry "DEN"]

1. g3 Nf6 2. Bg2 d5 3. d3 c6 4. Nd2 e5 5. Ngf3 Bd6 6. O-O O-O 7. e4 Bg4 8. h3
Bxf3 9. Qxf3 Nbd7 10. exd5 Nxd5 11. Nc4 Bc7 12. Re1 Re8 13. Bd2 N7b6 14. Na5
Rb8 15. c4 Ne7 16. b4 Nd7 17. Nb3 Ng6 18. Re2 Qf6 19. Qh5 Qd6 20. Qf3 Qf6 21.
Qe4 Re7 22. Rae1 Rbe8 23. h4 h6 24. Bc3 Qd6 25. Bh3 Nf6 26. Qf5 Rd8 27. Nc5 Bb6
28. h5 Bxc5 29. bxc5 Qxd3 30. Rd2 Qxc3 31. Rxd8+ Nf8 32. Red1 Qxc4 33. Qc8 N6h7
34. Bf5 Qe2 35. R8d2 Qxh5 36. Bxh7+ Kxh7 37. Qxf8 Re6 38. Re1 Rg6 39. Kg2 Rf6
40. Re3 e4 41. Qe7 1-0

[Event "Senior DM 50+ 2021"]
[Site "Logumkloster"]
[Date "2021.05.30"]
[Round "1"]
[White "Westenborg, Allan"]
[Black "Madsen, Poul Henrik"]
[Result "1/2-1/2"]
[WhiteElo "1825"]
[BlackElo "2132"]
[PlyCount "49"]
[EventDate "2021.05.30"]
[EventType "swiss"]
[EventRounds "7"]
[EventCountry "DEN"]

1. d4 Nf6 2. Bf4 d6 3. e3 g6 4. Be2 Bg7 5. Nd2 Nbd7 6. c3 e5 7. Bg3 O-O 8. dxe5
dxe5 9. Bh4 c6 10. Qc2 Qc7 11. e4 Nc5 12. Bxf6 Bxf6 13. h4 h5 14. g3 a5 15. a4
Rd8 16. Ngf3 Bg4 17. Kf1 Rd7 18. Kg2 Rad8 19. Rad1 Kg7 20. Nc4 Be6 21. Rxd7
Rxd7 22. b4 axb4 23. cxb4 Na6 24. Rb1 c5 25. b5 1/2-1/2

[Event "Senior DM 50+ 2021"]
[Site "Logumkloster"]
[Date "2021.05.30"]
[Round "1"]
[White "Schiodt, Niels Christian"]
[Black "Ravnborg, Johan"]
[Result "1/2-1/2"]
[WhiteElo "2026"]
[BlackElo "1857"]
[PlyCount "60"]
[EventDate "2021.05.30"]
[EventType "swiss"]
[EventRounds "7"]
[EventCountry "DEN"]

1. d4 Nf6 2. Nc3 d5 3. Bg5 e6 4. e3 Be7 5. Nf3 b6 6. Ne5 Bb7 7. Bb5+ c6 8. Bd3
Nbd7 9. f4 h6 10. Bxf6 gxf6 11. Nf3 Qc7 12. Qe2 O-O-O 13. O-O-O f5 14. Rhg1
Rdg8 15. Rdf1 Kb8 16. g3 Qd8 17. Ne5 Nxe5 18. fxe5 h5 19. Qf2 c5 20. Be2 a6 21.
Bf3 f6 22. exf6 Bxf6 23. Ne2 e5 24. dxe5 Bxe5 25. Rd1 Qf6 26. c3 Rd8 27. Rgf1
h4 28. Bh1 hxg3 29. Nxg3 Bxg3 30. hxg3 Qg5 1/2-1/2

[Event "Senior DM 50+ 2021"]
[Site "Logumkloster"]
[Date "2021.05.31"]
[Round "2"]
[White "Danielsen, Henrik"]
[Black "Andersen, Helge"]
[Result "1-0"]
[WhiteElo "2516"]
[BlackElo "1953"]
[PlyCount "89"]
[EventDate "2021.05.30"]
[EventType "swiss"]
[EventRounds "7"]
[EventCountry "DEN"]

1. e4 c5 2. c3 Nf6 3. d3 Nc6 4. Nd2 d5 5. Be2 e5 6. Ngf3 d4 7. O-O Be7 8. Nc4
Qc7 9. cxd4 cxd4 10. Bg5 Be6 11. Rc1 Bxc4 12. Rxc4 Qd6 13. Qb3 O-O 14. Bd2 Nd7
15. Qxb7 Nc5 16. Rxc5 Qxc5 17. Rc1 Na5 18. Qd7 Qd6 19. Qxd6 Bxd6 20. Bxa5 Rac8
21. Rc4 f6 22. Bd1 Rxc4 23. Bb3 Rb8 24. Bxc4+ Kf8 25. b3 g5 26. Ne1 Ke7 27. Nc2
h5 28. a3 Rc8 29. Nb4 Bxb4 30. Bxb4+ Kd7 31. Kf1 h4 32. h3 Ra8 33. Ba5 Kd6 34.
Ke2 Rh8 35. Kf3 g4+ 36. Kxg4 Rh7 37. g3 hxg3 38. Bb4+ Kd7 39. fxg3 Rg7+ 40. Kf5
Rxg3 41. Kxf6 Kc7 42. h4 Rh3 43. Kg5 Rg3+ 44. Kf5 Rh3 45. Be7 1-0

[Event "Senior DM 50+ 2021"]
[Site "Logumkloster"]
[Date "2021.05.31"]
[Round "2"]
[White "Johnk, Gert C"]
[Black "Rewitz, Poul"]
[Result "0-1"]
[WhiteElo "1896"]
[BlackElo "2273"]
[PlyCount "42"]
[EventDate "2021.05.30"]
[EventType "swiss"]
[EventRounds "7"]
[EventCountry "DEN"]

1. e4 c5 2. Nf3 Nc6 3. Nc3 Nf6 4. d3 d5 5. exd5 Nxd5 6. Bd2 e5 7. Nxd5 Qxd5 8.
h3 f6 9. g3 Be6 10. Bg2 Qd7 11. b3 Be7 12. Bc3 O-O 13. Qe2 Rac8 14. O-O-O Nd4
15. Qe3 a5 16. Rhe1 a4 17. Bxd4 cxd4 18. Nxe5 fxe5 19. Qxe5 Rxf2 20. Re2 Rxe2
21. Qxe2 axb3 0-1

[Event "Senior DM 50+ 2021"]
[Site "Logumkloster"]
[Date "2021.05.31"]
[Round "2"]
[White "Andersen, Morten"]
[Black "Rosenberg, Jan"]
[Result "1-0"]
[WhiteElo "2194"]
[BlackElo "1925"]
[PlyCount "125"]
[EventDate "2021.05.30"]
[EventType "swiss"]
[EventRounds "7"]
[EventCountry "DEN"]

1. d4 Nf6 2. c4 c5 3. d5 b5 4. cxb5 a6 5. f3 d6 6. e4 Nbd7 7. Nc3 g6 8. a4 Bg7
9. bxa6 Bxa6 10. Bxa6 Rxa6 11. Nge2 O-O 12. O-O Qb6 13. Be3 Rb8 14. Nb5 Ne8 15.
Rb1 Nc7 16. Nec3 Nxb5 17. Nxb5 Rba8 18. b3 Qd8 19. Qe2 Nf6 20. Bc1 Ne8 21. Bb2
Nc7 22. Bxg7 Kxg7 23. Na3 e6 24. dxe6 Nxe6 25. Nb5 Nc7 26. Rfd1 Nxb5 27. Qxb5
Rb6 28. Qc4 Qf6 29. Rd5 Raa6 30. e5 Qf5 31. Re1 Qe6 32. Qd3 dxe5 33. Rexe5 Qf6
34. Rxc5 Rd6 35. Qc2 Rd4 36. Re1 Rad6 37. Qc3 Kh6 38. Qe3+ Kg7 39. Qe5 Rb6 40.
Rb5 Rc6 41. Rd5 Rb4 42. Rd3 Rc2 43. h3 Ra2 44. Kh2 Ra3 45. Qxf6+ Kxf6 46. Ree3
Ra2 47. Kg3 g5 48. Re4 Rb6 49. h4 Rc6 50. hxg5+ Kxg5 51. f4+ Kh6 52. Kf3 Rcc2
53. g4 Rh2 54. Ree3 Kg6 55. Ke4 Rhg2 56. Rd6+ Kg7 57. g5 Rg4 58. Kf5 Rg1 59.
Rb6 Rf1 60. Rb7 Raf2 61. Re4 Rd2 62. Ree7 Rd5+ 63. Ke4 1-0

[Event "Senior DM 50+ 2021"]
[Site "Logumkloster"]
[Date "2021.05.31"]
[Round "2"]
[White "Steenstrup, Svend"]
[Black "Nielsen, Frode Benedikt"]
[Result "1-0"]
[WhiteElo "2009"]
[BlackElo "1894"]
[PlyCount "75"]
[EventDate "2021.05.30"]
[EventType "swiss"]
[EventRounds "7"]
[EventCountry "DEN"]

1. d4 Nf6 2. c4 c5 3. d5 e6 4. Nc3 exd5 5. cxd5 d6 6. e4 g6 7. f4 Bg7 8. Bb5+
Nbd7 9. e5 dxe5 10. fxe5 Nh5 11. e6 Qh4+ 12. g3 Nxg3 13. hxg3 Qxh1 14. Be3
Bxc3+ 15. bxc3 Qe4 16. Qf3 Qxf3 17. Nxf3 fxe6 18. dxe6 O-O 19. exd7 Bxd7 20.
Bxd7 Rxf3 21. Bxc5 Kf7 22. Ke2 Rf6 23. Bd4 Ra6 24. Bb5 Re6+ 25. Kd3 Ke7 26. Rf1
Rd6 27. Bc4 Rf8 28. Re1+ Kd8 29. Kc2 b6 30. Re2 Rd7 31. Be5 Rf1 32. Bb5 Rdf7
33. Rd2+ Ke7 34. Bd6+ Ke6 35. Bc4+ Kd7 36. Bf4+ Kc8 37. Bxf1 g5 38. Ba6+ 1-0

[Event "Senior DM 50+ 2021"]
[Site "Logumkloster"]
[Date "2021.05.31"]
[Round "2"]
[White "Christensen, Benny"]
[Black "Schoning, Lars"]
[Result "1/2-1/2"]
[WhiteElo "1714"]
[BlackElo "1977"]
[PlyCount "34"]
[EventDate "2021.05.30"]
[EventType "swiss"]
[EventRounds "7"]
[EventCountry "DEN"]

1. e4 c5 2. Nf3 d6 3. d4 cxd4 4. Nxd4 Nf6 5. Nc3 a6 6. Bc4 e6 7. f3 Nc6 8. Be3
Be7 9. Qd2 Ne5 10. Bb3 Qc7 11. O-O-O Nc4 12. Bxc4 Qxc4 13. Kb1 O-O 14. g4 b5
15. h4 Bd7 16. h5 b4 17. Nce2 Rfc8 1/2-1/2

[Event "Senior DM 50+ 2021"]
[Site "Logumkloster"]
[Date "2021.05.31"]
[Round "2"]
[White "Olsen, Aage Dalstrup"]
[Black "Harlund, David"]
[Result "1-0"]
[WhiteElo "2003"]
[BlackElo "1383"]
[PlyCount "41"]
[EventDate "2021.05.30"]
[EventType "swiss"]
[EventRounds "7"]
[EventCountry "DEN"]

1. e4 f6 2. Nf3 e6 3. d4 Bb4+ 4. c3 Ba5 5. Bd3 Ne7 6. O-O O-O 7. Qe2 c6 8. Re1
Bc7 9. e5 Nd5 10. exf6 Nxf6 11. Bg5 Qe8 12. Ne5 Qh5 13. Qxh5 Nxh5 14. Nd2 h6
15. Be7 Re8 16. Ba3 Nf4 17. Bc2 d6 18. Ng6 Nxg6 19. Bxg6 Re7 20. Nc4 c5 21.
dxc5 1-0

[Event "Senior DM 50+ 2021"]
[Site "Logumkloster"]
[Date "2021.06.01"]
[Round "3"]
[White "Andersen, Morten"]
[Black "Danielsen, Henrik"]
[Result "0-1"]
[WhiteElo "2194"]
[BlackElo "2516"]
[PlyCount "44"]
[EventDate "2021.05.30"]
[EventType "swiss"]
[EventRounds "7"]
[EventCountry "DEN"]

1. d4 f5 2. g3 Nf6 3. Bg2 g6 4. Nf3 Bg7 5. O-O O-O 6. b3 c6 7. Bb2 d5 8. c4 Be6
9. Qd3 Ne4 10. Nc3 Nd7 11. Nd2 Nxd2 12. Qxd2 dxc4 13. d5 Nb6 14. Rad1 Bf7 15.
Qe3 Qc7 16. dxc6 bxc6 17. b4 Rad8 18. Qc5 Rxd1 19. Rxd1 Rd8 20. Rc1 Qd6 21.
Bxc6 Qd2 22. Qxe7 Bf8 0-1

[Event "Senior DM 50+ 2021"]
[Site "Logumkloster"]
[Date "2021.06.01"]
[Round "3"]
[White "Rewitz, Poul"]
[Black "Steenstrup, Svend"]
[Result "1-0"]
[WhiteElo "2273"]
[BlackElo "2009"]
[PlyCount "61"]
[EventDate "2021.05.30"]
[EventType "swiss"]
[EventRounds "7"]
[EventCountry "DEN"]

1. d4 g6 2. Nc3 Nf6 3. Bf4 c5 4. d5 d6 5. Qd2 Qa5 6. e4 Bg7 7. Nge2 b5 8. Ng3
b4 9. Nd1 h5 10. h4 Nbd7 11. Be2 Ba6 12. O-O Ng4 13. Re1 c4 14. Bg5 c3 15. bxc3
bxc3 16. Qc1 Nde5 17. Rb1 Nc4 18. Bxc4 Bxc4 19. Rb7 f6 20. Bf4 Ba6 21. Rb3 Rc8
22. Qa3 Rc5 23. Rxc3 g5 24. Bd2 f5 25. Qxa5 Rxa5 26. Nxf5 Be5 27. Rc7 Rc5 28.
Rxc5 dxc5 29. f3 gxh4 30. fxg4 hxg4 31. Nf2 1-0

[Event "Senior DM 50+ 2021"]
[Site "Logumkloster"]
[Date "2021.06.01"]
[Round "3"]
[White "Schiodt, Niels Christian"]
[Black "Olsen, Aage Dalstrup"]
[Result "1-0"]
[WhiteElo "2026"]
[BlackElo "2003"]
[PlyCount "51"]
[EventDate "2021.05.30"]
[EventType "swiss"]
[EventRounds "7"]
[EventCountry "DEN"]

1. d4 Nf6 2. Nc3 d5 3. Bg5 e6 4. e3 h6 5. Bh4 Nbd7 6. Bd3 a6 7. Nf3 Be7 8. O-O
O-O 9. Ne5 c5 10. f4 cxd4 11. exd4 Qb6 12. Kh1 Qxb2 13. Qf3 Qxc3 14. Bxf6 Qb4
15. c3 Qd6 16. Bxe7 Qxe7 17. Rae1 Nf6 18. Bb1 Bd7 19. c4 Rfe8 20. g4 Bc6 21.
Nxc6 bxc6 22. g5 hxg5 23. fxg5 Nd7 24. Qh5 g6 25. Qh4 Nf8 26. Re3 1-0

[Event "Senior DM 50+ 2021"]
[Site "Logumkloster"]
[Date "2021.06.01"]
[Round "3"]
[White "Schoning, Lars"]
[Black "Madsen, Poul Henrik"]
[Result "0-1"]
[WhiteElo "1977"]
[BlackElo "2132"]
[PlyCount "105"]
[EventDate "2021.05.30"]
[EventType "swiss"]
[EventRounds "7"]
[EventCountry "DEN"]

1. d4 Nf6 2. c4 c5 3. d5 b5 4. cxb5 a6 5. b6 Qxb6 6. Nc3 d6 7. Nf3 g6 8. Nd2
Bg7 9. a4 a5 10. Nb5 O-O 11. e4 Na6 12. f3 Nb4 13. Nc4 Qd8 14. Be2 Ba6 15. Ne3
Ne8 16. O-O Nc7 17. Nc3 e6 18. Bxa6 Rxa6 19. Kh1 Bd4 20. Qe2 Re8 21. dxe6 fxe6
22. f4 d5 23. Nc2 Bg7 24. Nxb4 axb4 25. Nb5 Rc6 26. Nxc7 Rxc7 27. e5 c4 28. Rd1
Bf8 29. Be3 Bc5 30. Qf2 Bxe3 31. Qxe3 Qa8 32. b3 Qa7 33. Qxa7 Rxa7 34. Rd4 Rc8
35. Kg1 Rb7 36. Rb1 cxb3 37. Rxb3 Rc4 38. Rd1 Rxf4 39. Rdb1 g5 40. g3 Rc4 41.
R1b2 Kg7 42. Kg2 g4 43. a5 h5 44. h3 gxh3+ 45. Kxh3 Kg6 46. Rf3 Rc6 47. Kh4
Rc4+ 48. Kh3 Kg5 49. Rbf2 b3 50. Rf8 b2 51. R2f6 Rcc7 52. Rh8 b1=Q 53. Rg8+ 0-1

[Event "Senior DM 50+ 2021"]
[Site "Logumkloster"]
[Date "2021.06.01"]
[Round "3"]
[White "Andersen, Helge"]
[Black "Christensen, Benny"]
[Result "1-0"]
[WhiteElo "1953"]
[BlackElo "1714"]
[PlyCount "29"]
[EventDate "2021.05.30"]
[EventType "swiss"]
[EventRounds "7"]
[EventCountry "DEN"]

1. d4 g6 2. c4 Bg7 3. Nc3 Nf6 4. e4 d6 5. f3 O-O 6. Be3 Nbd7 7. Qd2 Re8 8. Nge2
c5 9. g4 cxd4 10. Nxd4 Nc5 11. Be2 e5 12. Nc2 a6 13. O-O-O Re6 14. Bxc5 Re8 15.
Be3 1-0

[Event "Senior DM 50+ 2021"]
[Site "Logumkloster"]
[Date "2021.06.01"]
[Round "3"]
[White "Westenborg, Allan"]
[Black "Madsen, Jan"]
[Result "1/2-1/2"]
[WhiteElo "1825"]
[BlackElo "1900"]
[PlyCount "36"]
[EventDate "2021.05.30"]
[EventType "swiss"]
[EventRounds "7"]
[EventCountry "DEN"]

1. d4 Nf6 2. Bf4 e6 3. Nd2 c5 4. e3 d5 5. c3 Nbd7 6. Bd3 Qb6 7. Rb1 Bd6 8. Bxd6
Qxd6 9. f4 h5 10. Ngf3 Ng4 11. Qe2 c4 12. Bc2 b5 13. h3 Nh6 14. Kf2 Bb7 15. Ne5
Nf6 16. Qf3 h4 17. g4 hxg3+ 18. Kxg3 Nf5+ 1/2-1/2

[Event "Senior DM 50+ 2021"]
[Site "Logumkloster"]
[Date "2021.06.02"]
[Round "4"]
[White "Danielsen, Henrik"]
[Black "Rewitz, Poul"]
[Result "1/2-1/2"]
[WhiteElo "2516"]
[BlackElo "2273"]
[PlyCount "143"]
[EventDate "2021.05.30"]
[EventType "swiss"]
[EventRounds "7"]
[EventCountry "DEN"]

1. Nf3 d5 2. d4 c6 3. Bf4 e6 4. e3 Nf6 5. Nbd2 Be7 6. Bd3 Nbd7 7. O-O O-O 8.
Ne5 Nxe5 9. dxe5 Nd7 10. Qh5 g6 11. Qh6 f5 12. Nf3 Rf7 13. h4 Bf8 14. Qg5 Qxg5
15. hxg5 Nc5 16. Be2 b5 17. b3 Ne4 18. c4 Nc3 19. Rfe1 bxc4 20. bxc4 Ba3 21.
Nd4 Bb2 22. Bf1 Rc7 23. f3 Bd7 24. Bg3 Rb8 25. Bd3 Bxa1 26. Rxa1 Rb2 27. Be1
Na4 28. Bc2 Nc5 29. Bb3 Nxb3 30. axb3 dxc4 31. Bc3 Rxb3 32. Nxb3 cxb3 33. Kf2
c5 34. Ke1 Bb5 35. Rb1 Bc4 36. Rd1 Bd5 37. Kd2 Rb7 38. Ra1 Kf7 39. Kc1 Ke8 40.
Ra5 Rc7 41. Kb2 Kd7 42. Ra6 Rb7 43. Rd6+ Ke7 44. Ra6 Kf7 45. Ra5 Rc7 46. Ra4
Kg7 47. Ba5 Rb7 48. Bd2 Rd7 49. Ra5 Bxf3 50. gxf3 Rxd2+ 51. Kxb3 Rd7 52. Rxc5
h5 53. gxh6+ Kxh6 54. Kc4 g5 55. Rc6 Re7 56. Kc5 g4 57. Kd6 Rg7 58. fxg4 fxg4
59. Kxe6 g3 60. Rc1 Kg5 61. Rg1 Kg4 62. Kf6 Rb7 63. e6 Rb4 64. e7 Re4 65. Kf7
Rxe3 66. e8=Q Rxe8 67. Kxe8 Kf3 68. Kd7 a5 69. Kc6 g2 70. Kb5 Kf2 71. Rxg2+
Kxg2 72. Kxa5 1/2-1/2

[Event "Senior DM 50+ 2021"]
[Site "Logumkloster"]
[Date "2021.06.02"]
[Round "4"]
[White "Madsen, Poul Henrik"]
[Black "Schiodt, Niels Christian"]
[Result "1-0"]
[WhiteElo "2132"]
[BlackElo "2026"]
[PlyCount "107"]
[EventDate "2021.05.30"]
[EventType "swiss"]
[EventRounds "7"]
[EventCountry "DEN"]

1. d4 Nf6 2. Nf3 d5 3. e3 Bg4 4. Be2 e6 5. Nbd2 Bd6 6. b3 Nbd7 7. Bb2 c6 8. Ne5
Bxe2 9. Qxe2 Qe7 10. a4 h5 11. f4 O-O-O 12. c4 Bb4 13. O-O Bxd2 14. Qxd2 Ne4
15. Qc2 Nxe5 16. Ba3 Qc7 17. fxe5 f6 18. exf6 gxf6 19. a5 Rdg8 20. Bc5 h4 21.
h3 Rg3 22. Bxa7 Rhg8 23. Rf4 Rxe3 24. Rxh4 Qg3 25. Rg4 Rxg4 26. hxg4 Nc3 27.
Qh7 Ne2+ 28. Kh1 Qxg4 29. Bb6 Ng3+ 30. Kh2 Qh5+ 31. Qxh5 Nxh5 32. cxd5 exd5 33.
Rf1 Re6 34. g4 Ng7 35. Kg3 Ne8 36. Bc5 Nd6 37. Bxd6 Rxd6 38. Re1 Kd7 39. b4 Re6
40. Rxe6 Kxe6 41. Kf4 Ke7 42. Kf5 Kf7 43. g5 fxg5 44. Kxg5 Ke6 45. Kg6 Ke7 46.
Kf5 Kd6 47. Kf6 Kd7 48. Ke5 Kc7 49. Ke6 b6 50. a6 c5 51. a7 Kb7 52. a8=Q+ Kxa8
53. bxc5 bxc5 54. dxc5 1-0

[Event "Senior DM 50+ 2021"]
[Site "Logumkloster"]
[Date "2021.06.02"]
[Round "4"]
[White "Johnk, Gert C"]
[Black "Andersen, Morten"]
[Result "0-1"]
[WhiteElo "1896"]
[BlackElo "2194"]
[PlyCount "109"]
[EventDate "2021.05.30"]
[EventType "swiss"]
[EventRounds "7"]
[EventCountry "DEN"]

1. e4 d6 2. d4 Nf6 3. Nc3 g6 4. h3 c6 5. Nf3 Bg7 6. Be3 Nbd7 7. Qd2 b5 8. a3
Nb6 9. Bh6 O-O 10. Bxg7 Kxg7 11. Bd3 a6 12. b4 Be6 13. O-O Bc4 14. Rfe1 Rc8 15.
Rac1 c5 16. bxc5 dxc5 17. d5 Re8 18. Ne5 e6 19. Bxc4 exd5 20. Nxf7 Nxc4 21.
Nxd8 Nxd2 22. Nb7 d4 23. e5 dxc3 24. exf6+ Kxf6 25. Rxe8 Rxe8 26. Nxc5 a5 27.
f3 Rc8 28. Nd3 Rc4 29. Ra1 Ke6 30. Re1+ Kd6 31. Re5 Rd4 32. Re8 Ra4 33. Re5
Rxa3 34. Rxb5 Ra2 35. Ne1 a4 36. Kf2 Nc4 37. Rb4 Kd5 38. Ke2 Kd4 39. f4 a3 40.
Ra4 Kc5 41. Ra8 Ra1 42. Nd3+ Kb5 43. Rb8+ Nb6 44. Rb7 a2 45. Ra7 Na4 46. Rb7+
Kc6 47. Ra7 Re1+ 48. Nxe1 a1=Q 49. Rxh7 Qc1 50. g3 Qd2+ 51. Kf1 Nb2 52. Rh6 Nd1
53. Rxg6+ Kd7 54. Nd3 Ne3+ 55. Kg1 0-1

[Event "Senior DM 50+ 2021"]
[Site "Logumkloster"]
[Date "2021.06.02"]
[Round "4"]
[White "Steenstrup, Svend"]
[Black "Andersen, Helge"]
[Result "1-0"]
[WhiteElo "2009"]
[BlackElo "1953"]
[PlyCount "91"]
[EventDate "2021.05.30"]
[EventType "swiss"]
[EventRounds "7"]
[EventCountry "DEN"]

1. d4 Nf6 2. c4 g6 3. Nc3 d5 4. Bg5 Ne4 5. Bf4 Nxc3 6. bxc3 Bg7 7. e3 O-O 8.
cxd5 Qxd5 9. Nf3 Qa5 10. Be2 Qxc3+ 11. Kf1 c6 12. h4 Bg4 13. Rb1 b6 14. Bg5 Qa3
15. Rb3 Qd6 16. Rd3 Nd7 17. e4 f6 18. Bc1 Qc7 19. Qb3+ Kh8 20. Ba3 Rfe8 21. h5
gxh5 22. Nh4 Bxe2+ 23. Kxe2 Qf4 24. Qe6 Nf8 25. Qf5 Qxf5 26. Nxf5 Ng6 27. Bc1
Rad8 28. Rxh5 e6 29. Nxg7 Kxg7 30. Rdh3 Rh8 31. Bh6+ Kg8 32. Ra3 Rd7 33. f4 Kf7
34. f5 exf5 35. Rxf5 Ne7 36. Rf1 Rxd4 37. Ke3 c5 38. Bg5 Rd6 39. Rxa7 Re8 40.
e5 Re6 41. Bxf6 Kg6 42. Ke4 h5 43. Rf3 Nc6 44. Rg3+ Kh6 45. Bg5+ Kg6 46. Bf4#
1-0

[Event "Senior DM 50+ 2021"]
[Site "Logumkloster"]
[Date "2021.06.02"]
[Round "4"]
[White "Hansen, Hans Valdemar"]
[Black "Schoning, Lars"]
[Result "1-0"]
[WhiteElo "1838"]
[BlackElo "1977"]
[PlyCount "65"]
[EventDate "2021.05.30"]
[EventType "swiss"]
[EventRounds "7"]
[EventCountry "DEN"]

1. e4 c5 2. Nf3 d6 3. d4 cxd4 4. Nxd4 Nf6 5. Nc3 a6 6. Be2 e6 7. O-O Be7 8. Be3
Nc6 9. Nxc6 bxc6 10. Bd3 e5 11. h3 O-O 12. f4 exf4 13. Rxf4 Nd7 14. Qd2 Bg5 15.
Rf2 Bxe3 16. Qxe3 Ne5 17. Be2 Qe7 18. b3 Be6 19. Rd1 Rfd8 20. Qg3 Ra7 21. Na4
a5 22. c4 Qc7 23. Bf1 Rd7 24. Rfd2 Ra8 25. c5 Rb8 26. Rxd6 Rxd6 27. Rxd6 Ng6
28. Kh2 Re8 29. Bd3 Nf8 30. Nb6 Re7 31. Rd4 Qxg3+ 32. Kxg3 f6 33. Ra4 1-0

[Event "Senior DM 50+ 2021"]
[Site "Logumkloster"]
[Date "2021.06.03"]
[Round "5"]
[White "Rewitz, Poul"]
[Black "Madsen, Poul Henrik"]
[Result "1/2-1/2"]
[WhiteElo "2273"]
[BlackElo "2132"]
[PlyCount "158"]
[EventDate "2021.05.30"]
[EventType "swiss"]
[EventRounds "7"]
[EventCountry "DEN"]

1. e4 d5 2. exd5 Qxd5 3. Nf3 Bg4 4. Be2 c6 5. d4 e6 6. c4 Qa5+ 7. Nc3 Nf6 8. h3
Bh5 9. Bf4 Bb4 10. O-O O-O 11. Na4 Be7 12. b4 Bxb4 13. Rb1 b5 14. Qb3 Na6 15.
a3 bxa4 16. axb4 axb3 17. bxa5 c5 18. g4 Bg6 19. Rxb3 cxd4 20. Nxd4 Nc5 21. Rb5
Nfd7 22. Nc6 a6 23. Ne7+ Kh8 24. Nxg6+ fxg6 25. Rxc5 Nxc5 26. Bd6 Rfc8 27. Bf3
Ra7 28. Rb1 h6 29. Rb6 Rf7 30. Bc6 Nd3 31. f3 e5 32. Be4 Nf4 33. c5 Nxh3+ 34.
Kg2 Ng5 35. Bd5 Rf6 36. Bxe5 Rxc5 37. Rb8+ Kh7 38. Bg8+ Kh8 39. f4 Rfc6 40.
Be6+ Kh7 41. Bg8+ Kh8 42. fxg5 Rc8 43. Rxc8 Rxc8 44. Bf7 Rc5 45. Bf4 hxg5 46.
Be3 Rxa5 47. Kf3 Kh7 48. Ke4 Ra4+ 49. Bd4 Ra3 50. Kd5 Rg3 51. Be6 a5 52. Be5
Rg2 53. Kd6 a4 54. Ke7 Re2 55. Bd6 Re3 56. Bc5 Rc3 57. Bb4 Re3 58. Bc5 Re4 59.
Kf7 Rf4+ 60. Ke7 Kh6 61. Bd6 Rd4 62. Be5 Re4 63. Bb2 Rb4 64. Bc3 Rb7+ 65. Kf8
Rb8+ 66. Ke7 a3 67. Be5 Ra8 68. Ba2 Ra4 69. Be6 a2 70. Kf8 a1=Q 71. Bxa1 Rxa1
72. Ke7 Kh7 73. Kd6 Ra4 74. Ke7 Re4 75. Kd6 Rf4 76. Ke7 Rd4 77. Kf7 Ra4 78. Ke7
Ra7+ 79. Kd6 Ra6+ 1/2-1/2

[Event "Senior DM 50+ 2021"]
[Site "Logumkloster"]
[Date "2021.06.03"]
[Round "5"]
[White "Steenstrup, Svend"]
[Black "Danielsen, Henrik"]
[Result "0-1"]
[WhiteElo "2009"]
[BlackElo "2516"]
[PlyCount "66"]
[EventDate "2021.05.30"]
[EventType "swiss"]
[EventRounds "7"]
[EventCountry "DEN"]

1. d4 Nf6 2. c4 e6 3. Nf3 b6 4. g3 Ba6 5. Qa4 Bb7 6. Bg2 c5 7. O-O Be7 8. Nc3
O-O 9. Rd1 d6 10. Bf4 a6 11. dxc5 bxc5 12. b4 Bc6 13. Qa3 cxb4 14. Qxb4 e5 15.
Bg5 Nbd7 16. Bxf6 Nxf6 17. Nd5 Nxd5 18. cxd5 Bb5 19. Nxe5 dxe5 20. d6 Bf6 21.
Bxa8 Qxa8 22. e4 Bc6 23. Rac1 Bxe4 24. d7 Bf5 25. Rc7 Bh3 26. Rb7 Rd8 27. Qb6
h5 28. Rc1 Bxd7 29. Rd1 Bh3 30. Rxd8+ Bxd8 31. Qc6 Ba5 32. f4 Qd8 33. Qc5 Qd1+
0-1

[Event "Senior DM 50+ 2021"]
[Site "Logumkloster"]
[Date "2021.06.03"]
[Round "5"]
[White "Andersen, Morten"]
[Black "Hansen, Hans Valdemar"]
[Result "0-1"]
[WhiteElo "2194"]
[BlackElo "1838"]
[PlyCount "122"]
[EventDate "2021.05.30"]
[EventType "swiss"]
[EventRounds "7"]
[EventCountry "DEN"]

1. d4 g6 2. c4 d6 3. Nf3 Bg7 4. Nc3 Nc6 5. d5 Ne5 6. Nd2 Nf6 7. g3 O-O 8. Bg2
e6 9. O-O exd5 10. cxd5 Re8 11. h3 a6 12. f4 Ned7 13. e4 Nc5 14. Qf3 b5 15. a3
Rb8 16. Re1 b4 17. axb4 Rxb4 18. g4 Rd4 19. Re2 Rd3 20. Qf1 Nxg4 21. Nf3 Nh6
22. Ra3 Bxc3 23. bxc3 f5 24. e5 Ne4 25. Rc2 Rxd5 26. c4 Rc5 27. Be3 Rc6 28. Ng5
dxe5 29. Nxe4 fxe4 30. Bxe4 Rf6 31. Rf2 Nf5 32. Rd3 Qe7 33. Bd5+ Kg7 34. fxe5
Qxe5 35. Bf4 Qe7 36. Bg5 h6 37. Bxf6+ Qxf6 38. Rdf3 c6 39. Rxf5 Bxf5 40. Bg2 c5
41. Ra2 Qd4+ 42. Kh2 Bd3 43. Qc1 Qe5+ 44. Kg1 Qd4+ 45. Kh2 Bxc4 46. Rd2 Qe5+
47. Kg1 Bb5 48. Qb2 c4 49. Qxe5+ Rxe5 50. Rc2 Rc5 51. Rc3 Kf6 52. Kf2 Re5 53.
Bf1 Re4 54. Bg2 Rd4 55. Bf1 Ke5 56. Ke3 Re4+ 57. Kd2 Kd4 58. h4 Rxh4 59. Rf3
c3+ 60. Kc1 Rh1 61. Kc2 Rxf1 0-1